00662nam a2200193 a 4500008004100000020001800041050001600059100002400075245012700099260004400226300002900270650003200299650003400331650001800365700001700383700002900400700001900429700002000448201113s2012 ||||||||||||||||| || u a9780199135844 aQ 160.2 Bon aBrimicombe, Michael10aAQA GCSE science revision guidecBy Graham Bone; Michael Brimicombe; Simon Broadley; Philippa Gardom- Hulme; Mark Matthews aNew YorkbOxford University Pressc2012 a207 pages: illustrations aSCIENCE--STUDY AND TEACHING aSCIENCE--HANDBOOK,MANUALS,ETC 7aSCIENCE2fast aBone, Graham aGardom - Hulme, Philippa aMatthews, Mark aBroadley, Simon